| 000 | 00795nam a2200241Ia 4500 | ||
|---|---|---|---|
| 005 | 20211111074822.0 | ||
| 008 | 130821s2007 ck gr spa | ||
| 020 | _a9584409065 | ||
| 040 |
_aCo-BoUCM _bspa |
||
| 041 | 0 | 0 | _aspa |
| 060 | _aWM 140 | ||
| 245 | 0 | 3 |
_aEl paciente psiquiátrico un reto para todos _cGabriel Vargas Cuadros, editor |
| 260 |
_aMedellín (Antioquia, Colombia) _bL. Vieco e Hijas _c2007 |
||
| 300 | _a406 páginas | ||
| 650 | 0 | 4 |
_aEnfermos mentales _914533 |
| 650 | 0 | 4 |
_aPsicopatología _922865 |
| 650 | 0 | 4 |
_aPsiquiatría _98004 |
| 650 | 0 | 4 |
_aSuicidio _924933 |
| 700 | 1 |
_aVargas Cuadros, Gabriel _eed. _9163606 |
|
| 710 |
_aUniversidad de Antioquia _94706 |
||
| 710 |
_aUniversidad Pontificia Bolivariana _93823 |
||
| 942 |
_cLIBRO _a15 _e1 _mP117 _2NLM _hWM 140 _n0 |
||
| 999 |
_c53315 _d53315 |
||